|
|
|
|
| LEADER |
01008nab#a2200313#ar4500 |
| 001 |
000068413 |
| 003 |
SVKKK |
| 005 |
19990924xxxxxxx. |
| 008 |
06 c xo huno |
| FMT |
|
|
|
| 038 |
|
|
|a SVKKK
|
| 040 |
|
|
|a SVKKK
|b slo
|e AACR2
|
| 041 |
0 |
|
|a hun
|
| 044 |
|
|
|a xo
|c SK
|
| 080 |
|
|
|a 37(=924)
|
| 080 |
|
|
|a 374
|
| 242 |
1 |
0 |
|a Vyučovanie analfabetov
|
| 245 |
0 |
0 |
|a Analfabeták oktatása
|
| 500 |
|
|
|a mikrofilm
|
| 520 |
2 |
|
|a Správa o prípravách na kurz analfabetov, ktorého organizátorom je ľudová židovská škola v Humennom v januári 1909.
|
| 650 |
0 |
4 |
|a kurz analfabetov - židovská ľudová škola, Humenné (organizátor) - práce prípravné - Humenné - január 1909 - správy
|
| 773 |
0 |
|
|t Homonna és Vidéke : Vegyes tartalmu társadalmi, közművelődési, szépirodalmi és közgazdasági hetilap
|g Roč. 9, č. 5 (28.01.1909) s. 3
|
| 957 |
|
|
|a Humenné
|
| 958 |
|
|
|a DG
|
| 958 |
|
|
|a SK
|
| 974 |
|
|
|a Ba
|d 19990924
|
| 992 |
|
|
|a RBX
|
| BAS |
|
|
|
| 998 |
|
|
|a RETRO
|